000 01043nam a22002897a 4500
001 7836
003 FISKH
005 20250811150626.0
008 250811b cb ||||| |||| 00| 0 eng d
040 _aFISKH
_beng
_cFISKH
_dFISKH
050 _aPZ8.H45 T
082 _a398.2094302
100 _aHelbrough, Emma
245 _aThe twelve dancing princesses /
_cRetold by Emma Helbrough ; Illustrated by Anna Luraschi
250 _aThis edition first published in 2009
260 _aLondon :
_bUsborne,
_c2004
300 _a48 pages :
_bcolor illustrations ;
_c20 cm
505 _aN
520 _aPrincesses are supposed to be quiet and well behaved, but the 12 princesses in this story like to have fun. When their father finds out they've been sneaking off at night to go dancing, he's furious. Ages 5+ years.
521 8 _a550
_bLexile
521 8 _aN
_bRaz-Plus
650 _2Fairy tales
_aUsborne
650 _2Leveled Readers
_aCataloged
700 _aLuraschi, Anna
_dillustrator
942 _2ddc
_cBK
_n0
999 _c7836
_d7836